000 00499nam a22001577a 4500
008 150319b xxu||||| |||| 00| 0 eng d
020 _a0195094468
041 0 _aeng
080 _a94
_x(47) (093)
245 1 0 _aFrom Stalinism to pluralism :
_cedited by Gale Stokes.
250 _a2nd ed.
260 _aNew York :
_bOxford University Press,
_c1996.
300 _a294 f. ;
_c25 cm.
650 0 _aEuropa, Lindje
_xHistori
_y1945-1989
942 _2udc
_cBK
999 _c535
_d535